Представление документа в формате MARC21

Поле Инд. ПП Название Значение
Тип записи a
Библиографический уровень m
001 _ Контрольный номер RU\infra-m\znanium\bibl\1843165
005 _ Дата корректировки 20250915104054.5
008 Кодируемые данные 210925s2021 RU g rus u
020 a ISBN 978-5-16-010818-6
020 a ISBN 978-5-16-102813-1
040 a Служба первич. каталог. Общество с ограниченной ответственностью «ЗНАНИУМ»
041 a Код языка текста rus
044 a Код страны публикации RU
080 a Индекс УДК 612.821(075.8)
084 2 Источник индекса rubbk
a Индекс другой классификации/Индекс ББК 88.3я73
084 2 Источник индекса okso
a Индекс другой классификации/Индекс ББК 37.03.01
100 1_ a Автор Марютина Татьяна Михайловна
q Полное имя Татьяна Михайловна
245 a Заглавие Психофизиология: общая, возрастная, дифференциальная, клиническая
b Продолж. заглавия Учебник
c Ответственность Российский государственный гуманитарный университет
250 a Основные сведения об издании 1
260 a Место издания Москва
b Издательство ООО "Научно-издательский центр ИНФРА-М"
c Дата издания 2022
300 a Объем 436 с.
520 a Аннотация Учебник посвящен физиологическим основам психической деятельности и поведения человека. В исторической ретроспективе определяются предмет и задачи психофизиологии, излагаются представления о механизмах психической деятельности с позиций системного подхода, рассматриваются основные методы психофизиологии и сферы их применения. Приводятся теоретические модели и конкретные данные о психофизиологических механизмах психических процессов и функций (восприятия, внимания, памяти, речи, эмоций, движения и т.д.). В разделе возрастной психофизиологии излагаются проблемы и эмпирические данные с точки зрения биологического созревания, психического развития и старения. Отдельно анализируются психофизиологические представления об индивидуальных различиях (дифференциальная психофизиология). В разделе прикладной психофизиологии даны современные представления по социальной и клинической психофизиологии.
521 a Примеч. о целев. назн. ВО - Бакалавриат
650 a Основная рубрика Педагогика. Образование. Психология
x Основная подрубрика Психофизиология. Психогенетика
852 x Примечание, не предназначенное для пользователя znanium2022
856 4_ a Имя сервера/домена znanium.com
m Помощь ebs_support@infra-m.ru
n Местонахождение сервера НИЦ ИНФРА-М
u URL http://znanium.com/catalog/document?id=388003
z Примечание для пользователя Участвует в КО
856 41 a Имя сервера/домена znanium.com
d Путь /cover/1843
f Электронное имя 1843165.jpg
q Тип электронного формата image/jpeg
u URL https://znanium.com/cover/1843/1843165.jpg